| 000 | 00627nam a22001937a 4500 | ||
|---|---|---|---|
| 008 | 250529b |||||||| |||| 00| 0 eng d | ||
| 020 | _a9781779212191 | ||
| 040 |
_aCUZ _beng _crda _dCUZ _erda |
||
| 050 | _aBV4211.3NYO | ||
| 100 | _aRev .Dr.Joshua N.Nyoni | ||
| 245 |
_aDivine Fire: _bThe Sunday homilies cycle c _cby Rev .Dr.Joshua N.Nyoni |
||
| 264 |
_aHarare _bDavid Sling publications _c©2005 |
||
| 300 | _a137pages | ||
| 336 |
_atext _btxt |
||
| 337 |
_aunmediated _bn |
||
| 338 | _2rdacarrier | ||
| 650 |
_aFirst sunday of Advent _aEpiphany _aPentecost |
||
| 942 |
_cOS _i4211.3NYO _kBV |
||
| 999 |
_c45129 _d45129 |
||